[Event "32nd European Club Cup"]
[Site "Novi Sad"]
[Date "2016.11.07"]
[Round "2.29"]
[White "Heap, Gerry"]
[Black "Mcgowan, Daniel"]
[Result "1/2-1/2"]
[WhiteElo "2060"]
[BlackElo "2156"]
[Annotator "Rudy"]
[PlyCount "102"]
[EventDate "2016.11.06"]
[WhiteTeam "CAR"]
[BlackTeam "EDI"]

1. c4 Nf6 2. Nc3 e6 3. e4 d5 4. e5 {main} (4. cxd5) 4... Nfd7 (4... d4 {main})
5. cxd5 (5. d4) 5... Nxe5 6. d4 Ng6 7. Bb5+ (7. dxe6 {main}) 7... c6 8. dxc6
bxc6 (8... Nxc6 {also played}) 9. Ba4 (9. Bc4 {alternative}) (9. Be2 {also
played & Cloud Engines}) 9... Bd6 $146 {Komodo10} (9... Be7 {main} 10. Nf3 Ba6
11. Qc2 O-O 12. h4 $11 {Damljanovic-Savic, Bar op 2003,1-0}) 10. Nf3 (10. Nge2
{Komodo10}) 10... Ba6 11. Bc2 (11. d5 exd5 12. Qxd5 O-O 13. Qd4 Qb6 14. Qxb6
axb6 15. Be3 $11 {Komodo10 & pm analysis}) 11... Nd7 12. Bd3 Bxd3 13. Qxd3 $11
O-O 14. O-O Nf6 15. g3 Qa5 16. Ng5 Rfd8 17. Qf3 Rac8 (17... Rab8 18. Qxc6 Ne7
19. Qc4 Qf5 20. Qe2 Nc6 $11 {Komodo10}) 18. Be3 Rd7 19. Nce4 Nxe4 (19... Be7
$15) 20. Nxe4 Qd5 21. Kg2 Be7 22. Rfd1 Rcd8 23. b3 (23. h4) 23... f5 24. Ng5 (
24. Nc3 {Iolo. protects the d1 R; slightly preferred by Komodo10}) 24... e5 $15
25. Rac1 e4 (25... c5 $1 26. Qxd5+ Rxd5 27. Ne6 R8d7 28. Bg5 cxd4 $17) 26. Qh5
$11 Nf8 27. Rc4 (27. Nh3 $11) 27... f4 $1 $17 28. gxf4 h6 {pin on the Q} 29. h4
hxg5 30. hxg5 g6 31. Qg4 Bd6 $19 (31... Ne6 $19) 32. Rh1 Rh7 33. Rh6 Rdd7 34.
Rxh7 Kxh7 (34... Rxh7 {looks more natural}) 35. Rc1 Kg8 36. Rh1 Qf5 (36... Rf7
$19) 37. Qxf5 gxf5 $15 38. Rh6 Kg7 39. Rf6 Ng6 40. Kg3 Ne7 41. Bc1 Bb4 (41...
Rd8) (41... a5) 42. Bb2 Nd5 43. Rxf5 (43. Rxc6 Be1 44. Bc1 e3 $19) 43... Bd6
$19 (43... Bd2 $19) (43... Be1 $19) 44. Bc1 Kg6 (44... Rd8 45. Kg4 Rh8 46. Be3
Rh2 $19 {Komodo10}) 45. Kg4 Rh7 46. Re5 {Wh's best try, to get running pawns}
Bxe5 47. f5+ (47. dxe5 $2 Ne7) 47... Kg7 48. dxe5 Rh1 (48... Rh2 49. Be3 (49.
Kg3 Rh1 $19) 49... Rg2+ 50. Kh5 Nxe3 51. fxe3 Rh2+ 52. Kg4 Rxa2 $15 {Komodo10})
49. Bb2 (49. Be3 Nxe3+ 50. fxe3 Kf8 51. g6 Ke7 52. f6+ Ke6 53. b4 $11 {Komodo10
}) 49... Rg1+ 50. Kh4 Rh1+ 51. Kg4 Rg1+ {Komodo10 considers Bl to be winning
here,but it looks extremely dangerous facing all those pawns} (51... Rg1+ 52.
Kh4 c5 $1 53. e6+ Kf8 54. g6 Ke7 55. Kh3 Rg5 56. Kh4 Rg2 57. g7 e3 58. fxe3 Nf6
59. Ba3 Ne4 60. Bb2 (60. Kh3 Rxg7) 60... Rxb2 61. g8=Q Rh2+ 62. Kg4 Rg2+ 63.
Kf3 Rxg8 64. Kxe4 Rg2 65. Ke5 Rxa2 66. f6+ Ke8 67. Kd6 Rb2 68. f7+ Kf8 69. Kd7
Rd2+ 70. Kc6 Rd3 71. Kxc5 Rxb3 72. Kc4 Rxe3 $19 {mate in 13; Nalimov tables})
1/2-1/2

[Event "32nd European Club Cup"]
[Site "Novi Sad"]
[Date "2016.11.07"]
[Round "2"]
[White "Kafka, G."]
[Black "Van Kemenade, R."]
[Result "0-1"]
[WhiteElo "2061"]
[BlackElo "1959"]
[Annotator "Rudy"]
[PlyCount "58"]
[EventDate "2016.11.06"]

1. e4 e5 2. Nf3 Nf6 {Wh had mislooked at Chessbase on line & couldnt find
games, so was not expecting a Petroff} 3. Nxe5 d6 4. Nf3 Nxe4 5. d4 d5 6. Bd3
Nc6 7. O-O Bg4 (7... Be7 8. Re1 Bg4 9. c3 f5 10. h3 Bh5 11. Be2 Qd6 12. b3 {
Kafka-Judkins, 4NCL 2012,1/2-1/2}) 8. Re1 f5 (8... Be7) 9. c3 (9. c4) 9... Be7
10. Nbd2 (10. Qb3) (10. Bf4) 10... O-O (10... Qd6 {alternative} 11. a3 O-O 12.
Qc2 Kh8 13. Ne5 Nxe5 14. dxe5 Qxe5 15. Nf1 Bc5 16. Be3 Qd6 17. f3 f4 (17... Bh5
) 18. Bd4 Bxd4+ 19. cxd4 Qb6 20. Bxe4 dxe4 21. fxg4 Qxd4+ 22. Kh1 $16 {
Andrews-Van Kemenade, Bolton 1996,0-1}) 11. Qc2 (11. Qb3 {main, sharpest. but
Wh was struggling to find a plan , having used about an hour of timeto get here
}) (11. Nf1 Bd6 12. Ne3 Bxh2+ 13. Kxh2 Nxf2 14. Qe2 Nxd3 15. Qxd3 Bxf3 16. gxf3
Qh4+ {Westra-Van Kemenade, GBR rapid, Leeds 2000,0-1}) 11... Bd6 (11... Rf6 {
alternative}) 12. Bf1 (12. a3 Qf6 13. c4 Nxd2 {Wh resigned, Waugh- van
Kemenade, Isle of Man 2002,0-1}) 12... Kh8 13. c4 $2 Nxd2 (13... Nxf2 {Julie &
Gerry} 14. c5 Nxd4 15. Nxd4 Bxh2+ 16. Kxh2 (16. Kxf2 Qh4+ 17. Ke3 Qxe1+) 16...
Qh4+ 17. Kg1 Qg3 18. Re7 Nh3+ 19. Kh1 Nf2+ 20. Kg1 $11) (13... Nxd4 $1 $19 {
Komodo10; also by an earlier Engine in the Waugh-Van Kemenade game} 14. Nxd4 (
14. Qd3 Nxf3+ 15. Nxf3 dxc4 16. Qe2 (16. Qxc4 Bxf3 $19 17. gxf3 Qh4 18. f4
Qxf2+ 19. Kh1 Rf6 $19) 16... b5) 14... Bxh2+ 15. Kxh2 (15. Kh1 Qh4 16. N2f3
Nxf2+ 17. Qxf2 Qxf2 18. Be3 Qxb2 19. Nxh2 Rfe8 $19 {slightly better}) 15...
Qh4+ 16. Kg1 Qxf2+ 17. Kh2 Qxe1 18. N2f3 Bxf3 19. Nxf3 Qxf1 $19 {Komodo10}) 14.
Nxd2 (14. Bxd2 Bxf3 $19) 14... Nxd4 (14... Qh4 15. h3 Bh5 16. Nb3 dxc4 17. Qxc4
Bf7 18. d5 Qxc4 19. Bxc4 Ne5 20. Bf1 Bxd5 $15 {Komodo10}) (14... Bb4 15. cxd5
Qxd5 16. a3 Nxd4 17. Qxc7 Rac8 18. Qe5 Qxe5 19. Rxe5 Bxd2 20. Bxd2 Nb3 $19 {
Komodo10}) 15. Qc3 dxc4 (15... Qf6 16. cxd5 Be5 17. Rxe5 Qxe5 18. f3 Bh5 $15 {
Komodo10}) (15... c5 16. cxd5 Bc7 17. Nb3 Qxd5 18. Nxd4 Qd6 19. Qg3 cxd4 20.
Bg5 $11 {Komodo10}) 16. Nxc4 c5 17. Nxd6 Qxd6 18. Bg5 Rae8 (18... Qg6 19. Bf4
$11 (19. Be7 Nf3+ 20. Kh1 Nxe1 21. Bxf8 Nxg2 22. Bxg2 Rxf8 23. Qxc5 Qf6 24.
Bxb7 Re8 $14 {Komodo10})) 19. Qd2 $15 (19. Rxe8 Rxe8 20. Re1 {pm analysis} Be2
$1 $15 {Komodo10} (20... Rxe1 21. Qxe1 h6 22. Qe7 Qxe7 23. Bxe7 b6 24. f3 Bh5
25. Bc4 $11)) 19... Qg6 $17 20. Qf4 $2 Ne6 $19 (20... Nc2 21. Rxe8 Rxe8 22. Rc1
Nd4 $19 {Komodo10}) 21. Rxe6 Rxe6 (21... Qxe6) 22. f3 Bxf3 23. Qxf3 Qxg5 24.
Qxb7 Re7 (24... Rb6 {considered}) 25. Qd5 Qe3+ 26. Kh1 h6 (26... Re5 27. Qd6
Rfe8 $19) (26... Qf2 27. h3 Rfe8 28. Rd1 g6 $19) 27. h3 Qf2 28. Bd3 Qd4 (28...
Rfe8 {considered, but playing absolutely safe} 29. Bxf5 (29. Rf1 Re1 30. Qf3
Rxf1+ 31. Bxf1 Qxf3 (31... Qxb2) 32. gxf3 Rd8 $19) 29... Re1+ 30. Rxe1 Rxe1+
31. Kh2 Qf4+ 32. g3 Re2+ (32... Qf2+ 33. Qg2 Qxf5) 33. Qg2 Rxg2+ 34. Kxg2 Qxf5)
29. Qf3 (29. Qxd4 cxd4 30. Rd1 Re3) 29... Re3 0-1

[Event "32nd European Club Cup"]
[Site "Novi Sad"]
[Date "2016.11.07"]
[Round "2.29"]
[White "Haigh, Tony"]
[Black "White, Alastair F"]
[Result "1/2-1/2"]
[WhiteElo "1810"]
[BlackElo "2078"]
[Annotator "Rudy"]
[PlyCount "106"]
[EventDate "2016.11.06"]
[WhiteTeam "CAR"]
[BlackTeam "EDI"]

1. d4 d6 2. e4 Nf6 3. Nc3 g6 4. Nf3 Bg7 5. Be3 a6 6. Qd2 b5 7. a3 (7. Bd3) (7.
Bh6 {main lines}) 7... Bb7 8. e5 $146 (8. Bd3) (8. Bh6 {main lines}) 8... Ng4 (
8... dxe5 9. Nxe5 O-O 10. O-O-O Nbd7 $11 {Komodo10}) 9. exd6 (9. e6 fxe6 10.
Ng5 Qc8 11. Be2 Nf6 12. O-O $11 {Komodo10}) 9... Nxe3 10. fxe3 exd6 $15 11. Bd3
Nd7 12. O-O c5 13. Be4 Bxe4 14. Nxe4 Qe7 15. Nf2 O-O 16. c3 a5 (16... Rfe8 17.
Rfe1 Nb6 $15 {Komodo10}) 17. e4 (17. Qe2 $11) 17... Nb6 18. Rfe1 Rfd8 (18...
Nc4 19. Qc2 a4 $15) 19. Qe2 b4 20. axb4 axb4 21. Ra6 (21. Qb5 $11) 21... Qb7
22. Rea1 Rxa6 23. Qxa6 Qxa6 (23... Qc6 $5) 24. Rxa6 Rb8 25. Nd3 bxc3 26. bxc3
cxd4 27. cxd4 Nc4 28. Rc6 $14 Rb1+ 29. Kf2 Nb2 30. Nxb2 (30. Nf4 $14) (30. Rc8+
Bf8 31. Nf4 $14) 30... Rxb2+ 31. Kg3 Bf8 $11 32. d5 Rb4 33. e5 {releases the B
& weakens d5} (33. Nd2) 33... Rb5 34. exd6 (34. e6 Rxd5 35. exf7+ Kxf7 36. Rc7+
Be7 37. Kf4 Ke8 $15 {Komodo10}) 34... Rxd5 $17 35. Rc8 Kg7 36. h3 Bxd6+ 37. Kf2
Kf6 38. g4 Rc5 39. Rxc5 (39. Rd8) 39... Bxc5+ 40. Kg2 (40. Ke2) 40... h6 41.
Kg3 Be3 42. Kg2 Ke6 43. Kf1 Kd5 44. Ke2 (44. Kg2 {prevents f4 being used as an
entry square}) 44... Ke4 45. Nh4 (45. Ne1 Bb6 $19) 45... Bc5 $19 46. Ng2 f6 $6
{weakens g6. If Bl wants to gain a tempo, he should move the B as pawns can't
retreat} (46... Bd4 47. Ne1 Kf4 48. Nd3+ Kg3 49. Ne1 Kxh3 $19 (49... f5 50.
gxf5 gxf5 $19)) 47. Nh4 g5 (47... h5 48. Nxg6 hxg4 49. hxg4 Be3 50. Ne7 $11 {
Komodo10}) 48. Nf5 $11 h5 49. Ng3+ Kf4 50. Nxh5+ Ke5 51. Nxf6 (51. Kf3 $11)
51... Kxf6 {Komodo10 thinks this is still a Bl win; humans and Nalimov
tablebases know otherwise} 52. h4 {Komodo10 has seen it now} gxh4 53. Kf3 Kg5
$11 1/2-1/2

[Event "32nd European Club Cup"]
[Site "Novi Sad"]
[Date "2016.11.07"]
[Round "2.29"]
[White "Antunes, Andre"]
[Black "Denham, Colin"]
[Result "1-0"]
[WhiteElo "1987"]
[BlackElo "1653"]
[Annotator "Rudy"]
[PlyCount "111"]
[EventDate "2016.11.06"]
[WhiteTeam "EDI"]
[BlackTeam "CAR"]

1. d4 Nf6 2. Nf3 d5 3. Bg5 Nc6 {obstructs the c pawn, so reduces counterplay
in the centre} (3... e6) (3... Ne4) (3... Nbd7 {main lines}) 4. e3 h6 (4... Bg4
) (4... e6) (4... Bf5) 5. Bh4 a6 (5... Bg4) (5... e6) (5... Bf5) 6. a4 $146 (6.
c3 {main}) (6. c4 {Cloud Engines}) 6... Bf5 7. Bd3 Bxd3 8. Qxd3 Nb4 $5 (8... e6
$11 {Cloud Engines}) 9. Qb3 a5 (9... e6) 10. c3 $16 Nd3+ {however the N gets
lost here} (10... g5 11. Bg3 g4 12. Ne5 Nc6 13. Qxb7 Nxe5 14. Bxe5 Rb8 15. Qxc7
Qxc7 16. Bxc7 Rxb2 17. Nd2 $16 {but Bl is still playing}) 11. Ke2 c5 12. Qb5+
Nd7 13. Kxd3 $18 c4+ 14. Ke2 g5 15. Bg3 Qb6 (15... e6) 16. Qxb6 (16. Qxd5 Qxb2+
17. Nbd2 $18 {Komodo10}) 16... Nxb6 17. Na3 f6 18. Nd2 h5 19. Nb5 Kd7 20. f3 (
20. Bc7) 20... h4 21. Bc7 Nxa4 22. Rxa4 Kc6 23. Rxa5 Rxa5 24. Bxa5 Kxb5 25. Bb4
e6 26. Bxf8 Rxf8 27. Ra1 (27. g4 {Komodo10; Wh's move looks more natural})
27... Rc8 28. Ra3 (28. e4) 28... Kc6 29. b3 cxb3 30. Nxb3 Kd6 31. Kd3 e5 32.
Nc5 exd4 33. cxd4 b6 34. Ra6 Rb8 35. Na4 Kc6 36. e4 (36. Ra7) (36. Nc3) 36...
dxe4+ 37. Kxe4 Re8+ 38. Kf5 (38. Kd3) 38... Kb5 39. Rxb6+ (39. Ra7) 39... Kxa4
40. d5 (40. Rxf6 {simplest; Bl loses all his pawns}) 40... Re5+ 41. Kxf6 Rxd5
42. Rb2 {Bl's K is out of the game; so its won for Wh even with all the pawns
on one side} Ka3 43. Re2 Kb3 44. Re5 (44. h3 {secures everything, then Re5})
44... Rd2 45. Rxg5 h3 46. gxh3 Rxh2 {if the Bl Kwere in front of the pawns,
then with f & h pawns Bl has good drawing chances} 47. Rg3 (47. f4 {Nalimov
tablebases, mate in 22}) 47... Kc4 48. f4 Kd4 49. f5 Ke4 50. Kg5 (50. Rg4+ {
one move faster to mate}) (50. Kg6 {also more exact}) 50... Rf2 51. f6 (51. Kg6
) 51... Ke5 52. Kg6 $2 (52. Re3+ $1 Kd4 53. Re7 {finishes things}) 52... Ke6 (
52... Rxf6+ $11) 53. Kg7 $18 Rc2 54. f7 Rc7 55. Re3+ Kd5 56. Kg8 1-0

[Event "32nd European Club Cup"]
[Site "Novi Sad"]
[Date "2016.11.08"]
[Round "3.25"]
[White "Hansen, Torbjorn Ringdal"]
[Black "Williams, A. Howard"]
[Result "1/2-1/2"]
[WhiteElo "2448"]
[BlackElo "2323"]
[Annotator "Rudy"]
[PlyCount "57"]
[EventDate "2016.11.06"]
[WhiteTeam "AV1"]
[BlackTeam "CAR"]

1. e4 Nf6 2. e5 Nd5 3. d4 d6 4. Nf3 c6 5. c4 Nc7 6. Nc3 Bg4 7. h3 (7. exd6 exd6
8. h3 Bh5) 7... Bxf3 8. Qxf3 dxe5 9. dxe5 Nd7 10. Qg3 $146 (10. Bf4 Ne6 11.
O-O-O $11 {0.5-1.5}) 10... Ne6 11. Be3 (11. Be2 g6 12. Bg4 $14 {Komodo10})
11... Qc7 12. f4 (12. Be2 g5 (12... Qxe5 13. f4 Qa5 14. Bg4 $14) 13. Ne4 Qxe5
14. Qxe5 Nxe5 15. O-O-O Rg8 16. Rhe1 $11 {Komodo10}) 12... g5 $1 13. fxg5 (13.
f5 Ng7 14. Qf2 Qxe5 15. Bd3 e6 16. fxe6 Nxe6 17. O-O-O Bb4 18. Rhf1 O-O-O 19.
Na4 Ndc5 $11 {Komodo10}) 13... Qxe5 (13... Bg7 14. O-O-O $11 {Komodo10}) 14.
Qxe5 (14. Qf2) 14... Nxe5 15. O-O-O h6 $1 16. gxh6 Bxh6 17. Bxh6 Rxh6 {the
passed h pawn looks a possible danger in an endgame, but Bl's pices are far
too active in the late middlegame} 18. b3 Rd8 19. Rxd8+ Kxd8 $11 20. h4 (20.
Kd2 $11) 20... f5 (20... Nf4) 21. g3 f4 22. Ne4 fxg3 23. Nxg3 Nf4 (23... Rg6)
24. Kd2 Ng4 25. h5 Rd6+ 26. Kc3 Re6 27. Kc2 (27. Kd2 Rd6+ 28. Kc3 Re6) 27...
Re3 28. Nf5 (28. Rg1 Re5 29. Kd2 Nh2 30. Bg2 Nxh5 31. Nxh5 Rxh5 $11 {Komodo10})
28... Re5 29. Ng3 (29. Ng3 Rg5 $15 (29... Ne3+ 30. Kc3 Nxf1 31. Rxf1 Nxh5 32.
Nxh5 Rxh5 $15 33. Rf8+ Kc7 34. Re8 Kd6 35. Rd8+ Kc5 36. Rd7 Rh3+ 37. Kd2 e5 $15
) 30. Ne4 Rxh5 31. Rxh5 Nxh5 32. Bh3 Ne5 $15 {Komodo10}) 1/2-1/2

[Event "32nd European Club Cup"]
[Site "Novi Sad"]
[Date "2016.11.08"]
[Round "3.26"]
[White "Jones, Iolo C"]
[Black "Elsness, Frode"]
[Result "0-1"]
[WhiteElo "2172"]
[BlackElo "2442"]
[Annotator "Rudy"]
[PlyCount "138"]
[EventDate "2016.11.06"]
[WhiteTeam "CAR"]
[BlackTeam "AV1"]

1. d4 Nf6 2. c4 e6 3. Nf3 d5 {perhaps a bit more usual for Bl} (3... Bb4+ {was
what Wh was expecting}) 4. Nc3 dxc4 5. e3 (5. Bg5 Bb4 6. e4 c5 7. Bxf6 (7. e5
cxd4 8. Qa4+ Nc6 9. O-O-O Bd7 10. Ne4 Be7 11. exf6 gxf6 12. Bh4 $11 {
Moen-Elsness, NOR ch 2016,0-1}) 7... Qxf6 8. Bxc4 cxd4 9. e5 Qf4 10. Qxd4 Qxd4
11. Nxd4 Nd7 12. f4 Ke7 13. O-O-O $11 {Stokstad-Elsness, NOR eliteserien 2016,
1-0}) (5. e4 Bb4 6. e5 {transposes}) 5... a6 6. a4 (6. Bxc4 {alternative}) 6...
b6 (6... c5 {main} 7. Bxc4 Nc6 8. O-O Be7 9. Qe2 cxd4 10. Rd1 e5 11. exd4 exd4
12. Nxd4 Nxd4 13. Qe5 Qd6 14. Qxd4 Qxd4 15. Rxd4 Bc5 {still theory with more
than 100 games from this position eg Tisdall-Elsness, NOR eliteserien 2016,1/
2-1/2}) 7. Bxc4 Bb7 8. O-O c5 (8... Bb4 {main}) (8... Nbd7 {next}) 9. Be2 {Wh
starts a retreating sequence, to neutralise the B aimed at his K. However it
leads to a position where Bl is far better developed & more active than Wh} (9.
Qe2 {main, most active} Nbd7 10. Rd1 Qc7 11. d5 $11 {with 33 games from this
position}) 9... Nbd7 (9... Be7 10. dxc5 Qxd1 11. Rxd1 Bxc5 12. b3 O-O 13. Bb2
Nd5 14. Nd4 Nd7 $11 {Kutueva-Andreeva, RUS ch tm Clubs U18, Rybinsk 2004, 0-1})
(9... Nc6 $15 {Komodo10}) 10. Ne1 (10. Ne5 $11 {Komodo10}) 10... Bd6 11. Bf3
Qb8 12. Bxb7 Qxb7 13. dxc5 Bxc5 14. Qf3 Qxf3 15. Nxf3 Ke7 $15 {Bl has
connected Rs & all other pieces developed ; Wh has his QB still to sort out}
16. Rd1 Rhc8 17. Bd2 Rc7 18. h3 Rac8 19. e4 Bb4 20. e5 {the problem with this
is that it obstructs the line of play of Wh's QB , in effect turing it into a
big pawn defending e5} (20. Nd5+ {pm anaysis- it was thought this tactic would
relieve the pressure on Wh} Nxd5 21. exd5 Bxd2 22. Nxd2 (22. Rxd2 Rc1+ 23. Rxc1
Rxc1+ 24. Kh2 e5 $17) 22... exd5 (22... Rc2 23. dxe6 fxe6 24. Rab1 Nc5 $15) 23.
Nf1 Rc2 24. Rab1 d4 25. Rxd4 Rc1 26. Rxc1 Rxc1 27. f3 Rb1 28. Rb4 Kd6 $17 {and
Bl's pieces are still superior- Komodo10}) 20... Bxc3 21. Bxc3 Nd5 22. Bd4 Nc5
$15 23. Nd2 Nb4 {Wh's position is static & the Bl Ns can just probe around &
back again, seeking out where there is any weak spot in the defence} 24. Bc3
Nd5 25. Bd4 Rc6 26. g3 R8c7 27. Kf1 Nb4 28. Bc3 Nd5 29. Bd4 Nb7 {Ok, a
different route. Komodo10 still thinks its level, but Wh has no attacking
moves, & must be precise in his defence.} 30. Ne4 (30. Nb3 $5) (30. b3 $5)
30... Na5 (30... Rc4 31. Nd6 Nxd6 32. exd6+ Kxd6 33. Bxg7 Ke7 34. Bd4 Rc2 $15 {
Komodo10}) 31. Nc3 Nb4 32. Rab1 Nc2 33. Rd2 (33. Ne2 $11) 33... Nb3 34. Rxc2
Nxd4 35. Rd2 Nf3 36. Re2 Rc5 $17 {and the advanced pawn drops off as its
protector has gone} 37. Kg2 Nxe5 {just as it has taken patience to win the
pawn, Bl now continues patiently to exploit the extra material} 38. Rd1 Rd7 39.
Rxd7+ Nxd7 40. Re4 f5 41. Rb4 Kd6 42. g4 h6 43. Rd4+ Kc6 44. Ne2 (44. Kg3)
44... a5 (44... e5 $19) 45. Nc3 e5 46. Rd2 fxg4 47. hxg4 Rc4 $19 48. f3 Rd4 (
48... Nc5 49. Rd8 Rb4 $19 {Komodo10}) 49. Re2 Kc5 50. Rc2 Kb4 51. Ne2 Rd6 (
51... Rc4) 52. Nc3 Nc5 53. Re2 Nxa4 {another pawn goes as the Bl K is far more
active than its counterpart} 54. Na2+ Kc4 55. Nc1 Nc5 56. Kg3 Nd7 57. Rc2+ Kb4
58. Rc3 a4 (58... Nc5) 59. Nd3+ Ka5 60. Kf2 Rd5 61. Ra3 Kb5 (61... b5) 62. Ke2
Nc5 63. Nxc5 Rxc5 (63... bxc5) 64. Re3 Rc2+ (64... Kb4) 65. Kd1 Rxb2 66. Kc1
Rf2 67. Rxe5+ Kb4 68. Re3 g5 69. Kb1 a3 (69... a3 70. Re4+ Ka5 71. Re3 a2+ 72.
Ka1 b5 73. Ra3+ Kb4 74. Rxa2 Rxa2+ 75. Kxa2 Kc3 $19) 0-1

[Event "32nd European Club Cup"]
[Site "Novi Sad"]
[Date "2016.11.08"]
[Round "3.27"]
[White "Risting, Eivind Olav"]
[Black "Heap, Gerry"]
[Result "1-0"]
[WhiteElo "2175"]
[BlackElo "2060"]
[Annotator "Rudy"]
[PlyCount "75"]
[EventDate "2016.11.06"]
[WhiteTeam "AV1"]
[BlackTeam "CAR"]

1. d4 Nf6 2. c4 c5 3. d5 b5 4. cxb5 a6 5. f3 (5. bxa6 {most frequent}) 5... d6
(5... axb5) (5... e6) (5... g6) 6. e4 g6 7. Nc3 (7. Na3 {alternative}) 7... Bg7
8. a4 axb5 (8... O-O {main}) 9. Bxb5+ Nbd7 (9... Bd7 {main}) 10. Nge2 O-O 11.
O-O Ba6 (11... Ne8 12. Bg5 Nc7 13. Bc6 Rb8 14. Nb5 {Glenne-Vestly, Nordic Ch,
Bergen 2001, 1-0}) 12. Be3 Ne5 13. Qc2 $146 (13. b3 Nfd7 14. Rc1 Nb6 {
Winiarski-Bykovskiy, Lvov Tradition 2016,1-0}) (13. Ng3 Nc4 14. Bxc4 Bxc4 15.
Re1 Qb6 16. Qd2 Nd7 {Potocnik-Plaskan, SLO ch tm Ljubljana 2016,0-1}) (13. Bxa6
Rxa6 14. Qc2 $16 {Komodo10}) 13... Qa5 14. Bxa6 Rxa6 15. Nb5 $16 Qb4 $6 16.
Rfc1 (16. Bd2 Qc4 17. Qd1 $18 {the Bl Q is trapped}) 16... Qa5 17. h3 Ned7 18.
Kh1 Ne8 19. Ra2 Nc7 20. b4 $18 Qb6 21. bxc5 (21. Nxc7 Qxc7 22. Nd4 Bxd4 23.
Bxd4 Qa7 24. bxc5 $18 {Komodo10}) 21... dxc5 22. Nxc7 Qxc7 23. Bxc5 Nxc5 24.
Qxc5 Qe5 25. a5 f5 26. Qc4 Rd6 27. Rd1 e6 28. a6 fxe4 29. fxe4 exd5 30. exd5
Rdf6 31. Ng1 (31. a7) (31. d6+) 31... Rf4 32. Qc5 Qh5 33. Rad2 Qg5 34. a7 Qg3
35. d6 (35. Ne2) 35... Ra4 36. d7 Be5 37. Nf3 (37. Qxf8+ Kxf8 38. d8=Q+ Kg7 39.
Rd7+ Kh6 40. Nf3 Bd6 41. Qf6 Qxf3 42. gxf3 Rf4 43. Qxd6 Rxf3 44. Qd2+ Rf4 45.
Qxf4+ g5 46. Qf6+ Kh5 47. Rxh7#) 37... Rxf3 38. d8=Q+ 1-0